Evénements du 18 juin - Statistiques

Statistiques générales
  • Ce quiz a été pris 24 fois
  • Le résultat moyen est 9 sur 15
Statistiques - réponses
Hint Réponse % Correct
Bataille de Waterloo 1815
100%
Appel du général de Gaulle 1940
95%
Attentat dans le train Strasbourg-Paris - 24 morts 1961
80%
Naissance de Julie Depardieu 1973
80%
Naissance d'Edouard Daladier 1884
75%
Naissance de Paul MacCartney 1942
70%
Proclamation de la république égyptienne 1953
70%
Victoire de Patay 1429
60%
Frédéric Barberousse devient empereur 1155
50%
Béatification de Jeanne de France par Benoit XIV 1742
45%
Proclamation de la république italienne 1946
45%
Naissance d'Amanda Lear 1939
35%
Naissance de Raymond Radiguet 1903
25%
Naissance de Victor Lanoux 1936
25%
Naissance de Michou, directeur de cabaret 1931
20%
Aucun quiz correspondant
Distribution des résultats
% des personnes avec chaque résultat
Percentile par nombre de réponses
Votre historique - résultats
Vous n’avez pas pris ce quiz